Statistiques concernant Tous les clubs relégués en ligue 2 depuis 2000

Cliquez ici pour prendre le quiz!

Statistiques générales

  • Ce quiz a été pris 212 fois
  • Le résultat moyen est 54 sur 68

Statistiques - réponses

saisonClubs% Correct
ASSE Saint-Étienne
95%
2000/2001ASSE Saint-Étienne
95%
Girondins de Bordeaux
95%
2022/2023AJ Auxerre
93%
AJ Auxerre
93%
FC Metz
90%
2021/2022FC Metz
90%
2001/2002FC Metz
90%
FC Metz
90%
FC Metz
90%
FC Metz
90%
Racing Club de Strasbourg
90%
Racing Club de Strasbourg
90%
Racing Club de Strasbourg
90%
2007/2008RC Lens
90%
RC Lens
90%
RC Lens
90%
Angers SCO
89%
FC Nantes
88%
FC Nantes
88%
Toulouse Football Club
88%
Toulouse Football Club
88%
ESTAC Troyes
85%
ESTAC Troyes
85%
ESTAC Troyes
85%
2006/2007ESTAC Troyes
85%
ESTAC Troyes
85%
2017/2018ESTAC Troyes
85%
Stade Brestois
85%
Le Havre
84%
2002/2003Le Havre
84%
Le Havre
84%
S.C. Bastia
82%
S.C. Bastia
82%
FC Lorient
80%
2016/2017FC Lorient
80%
Dijon
79%
Dijon
79%
2003/2004En Avant Guingamp
79%
En Avant Guingamp
79%
1999/2000Nancy
79%
Nancy
79%
2012/2013Nancy
79%
2020/2021Nîmes Olympiques
79%
2015/2016Stade de Reims
79%
2010/2011AS Monaco
78%
2008/2009Caen
78%
2004/2005Caen
78%
2011/2012Caen
78%
2018/2019Caen
78%
2013/2014Sochaux
78%
Montpellier Herault Sport Club
76%
Montpellier Herault Sport Club
76%
2019/2020Amiens Sporting Club
74%
Grenoble Foot
69%
Valenciennes
65%
AC Ajaccio
64%
AC Ajaccio
64%
2005/2006AC Ajaccio
64%
Sedan
64%
Sedan
64%
Le Mans
60%
2009/2010Le Mans
60%
Arles-Avignon
51%
Istres
49%
Boulogne
47%
2014/2015Thonon-Evian
36%
GFC Ajaccio
35%

Distribution des résultats

Percentile par nombre de réponses

% des personnes avec chaque résultat

Votre développement - résultats

Vous n’avez pas pris ce quiz